| 000 | 01311nam a22002177a 4500 | ||
|---|---|---|---|
| 001 | 6566 | ||
| 003 | FISKH | ||
| 005 | 20250512152457.0 | ||
| 008 | 250512b cb ||||| |||| 00| 0 eng d | ||
| 020 | _a9789995099428 | ||
| 040 |
_aFISKH _bkhr _cFISKH _dFISKH |
||
| 100 | _aSok, Jor | ||
| 245 |
_aវចនានុក្រមខ្មែរ : _bKhmer Dictionary / _cរៀបរៀងដោយ ជ សុខ |
||
| 250 | _aបោះពុម្ពលើកទី ៤ | ||
| 260 |
_aភ្នំពេញ : _bបណ្ណាគារ នគរធំ , _c២០១៣ . |
||
| 300 |
_a1342 pages : _billustrations ; _c16 cm . |
||
| 520 | _aវចនានុក្រមនេះរៀបរៀងឡើងដើម្បីសិស្សានុសិស្សគ្រប់កំរិតថ្នាក់ទូទាំងប្រទេសហើយវចនានុក្រមនេះក៏ជាជំនួយមួយចំណែកដល់ការពង្រីកអក្សរសាស្រ្តរបស់ជាតិខ្មែរយើង ។ | ||
| 520 | _aThis dictionary has been compiled for students of all grade levels across the country, and it also serves as a contribution to the enrichment of our Khmer national literature. | ||
| 942 |
_2ddc _cKHB _n0 |
||
| 999 |
_c6566 _d6566 |
||